Apostles of The Church of Jesus Christ of Latter-Day Saints - Statistics

General Stats
  • This quiz has been taken 16 times
  • The average score is 60 of 113
Answer Stats
Years Apostle % Correct
1910-1972 Joseph Fielding Smith
100%
1866-1918 Joseph F. Smith
100%
1829-1844* Joseph Smith
100%
1835-1877 Brigham Young
88%
1864-1903 Brigham Young Jr.
88%
1903-1951 George Albert Smith
88%
1839-1875 George A. Smith
88%
1901-1918 Hyrum M. Smith
88%
1841-1844* Hyrum Smith
88%
1880-1911 John Henry Smith
88%
1838-1887 John Taylor
88%
1884-1911 John W. Taylor
88%
1835-1845 William B. Smith
88%
1934-1936 Alonzo A. Hinckley
75%
1970-2015 Boyd K. Packer
75%
1972-1985 Bruce R. McConkie
75%
1984-present Dallin H. Oaks
75%
2004-present David A. Bednar
75%
2004-present Dieter F. Uchtdorf
75%
1854-1856* Jedediah M. Grant
75%
2008-present D. Todd Christofferson
75%
1849-1888 Erastus Snow
75%
2018-present Gerrit W. Gong
75%
1961-2008 Gordon B. Hinckley
75%
1835-1868 Heber C. Kimball
75%
1882-1945 Heber J. Grant
75%
1995-present Henry B. Eyring
75%
1959-1995 Howard W. Hunter
75%
1994-present Jeffrey R. Holland
75%
1855-1924* John Willard Young
75%
1864-1875* Joseph Angell Young
75%
1849-1901 Lorenzo Snow
75%
1974-2015 L. Tom Perry
75%
1835-1837 Luke S. Johnson
75%
1835-1838 Lyman E. Johnson
75%
1981-2004 Neal A. Maxwell
75%
2009-present Neil L. Andersen
75%
1835-1881 Orson Pratt
75%
1835-1857 Parley P. Pratt
75%
2007-present Quentin L. Cook
75%
2015-present Ronald A. Rasband
75%
1984-present Russell M. Nelson
75%
1943-1985 Spencer W. Kimball
75%
1963-2018 Thomas S. Monson
75%
1897-1904 Abraham O. Woodruff
63%
2015-present Dale G. Renlund
63%
1906-1970 David O. McKay
63%
1943-1994 Ezra Taft Benson
63%
1846-1869 Ezra T. Benson
63%
2015-present Gary E. Stevenson
63%
1941-1973 Harold B. Lee
63%
1911-1933 James E. Talmage
63%
1829-1837* Martin Harris
63%
1919-1939 Melvin J. Ballard
63%
1985-2023 M. Russell Ballard
63%
2023-present Patrick Kearon
63%
1988-2015 Richard G. Scott
63%
1994-2017 Robert D. Hales
63%
2018-present Ulisses Soares
63%
1839-1898 Wilford Woodruff
63%
1829-1838* David Whitmer
50%
1835-1838 David W. Patten
50%
1986-2008 Joseph B. Wirthlin
50%
1951-1988 Marion G. Romney
50%
1944-1984 Mark E. Petersen
50%
1971-1994 Marvin J. Ashton
50%
1829-1838* Oliver Cowdery
50%
1842-1867 Amasa Lyman
38%
1889-1921 Anthon H. Lund
38%
1849-1883 Charles C. Rich
38%
1976-2004 David B. Haight
38%
1880-1916 Francis M. Lyman
38%
1849-1899 Franklin D. Richards
38%
1906-1950 George F. Richards
38%
1958-1975 Hugh B. Brown
38%
1978-2007 James E. Faust
38%
1952-1983 LeGrand Richards
38%
1841-1848 Lyman Wight
38%
1918-1943 Richard R. Lyman
38%
1917-1959 Stephen L Richards
38%
1835-1839 Thomas B. Marsh
38%
1840-1854 Willard Richards
38%
1889-1896 Abraham H. Cannon
25%
1870-1885 Albert Carrington
25%
1904-1925 Charles W. Penrose
25%
1857-1891* Daniel H. Wells
25%
1950-1978 Delbert L. Stapley
25%
1860-1901 George Q. Cannon
25%
1947-1963 Henry D. Moyle
25%
1838-1846 John E. Page
25%
1934-1961 J. Reuben Clark
25%
1945-1953 Matthew Cowley
25%
1897-1911 Matthias F. Cowley
25%
1962-1982 N. Eldon Tanner
25%
1906-1931 Orson F. Whitney
25%
1835-1878 Orson Hyde
25%
1900-1941 Reed Smoot
25%
1953-1971 Richard L. Evans
25%
1898-1943 Rudger Clawson
25%
1938-1943 Sylvester Q. Cannon
25%
1953-1958 Adam S. Bennion
13%
1937-1953 Albert E. Bowen
13%
1967-1977* Alvin R. Dyer
13%
1907-1934 Anthony W. Ivins
13%
1933-1947 Charles A. Callis
13%
1954-1962 George Q. Morris
13%
1882-1907 George Teasdale
13%
1921-1952 John A. Widtsoe
13%
1835-1837 John F. Boynton
13%
1931-1952 Joseph F. Merrill
13%
1889-1906 Marriner W. Merrill
13%
1879-1909 Moses Thatcher
13%
1835-1838 William E. McLellan
13%
No matching quizzes found
Score Distribution
Percent of People with Each Score
Percentile by Number Answered
Your Score History
You have not taken this quiz